Rudolf Hlavica - modelér blanenských železáren
| Titel: | Rudolf Hlavica - modelér blanenských železáren |
|---|---|
| Verfasser: | |
| In: |
Z dějin hutnictví, Band 39 (2009), Seite 59-63 alle Artikel anzeigen |
| Veröffentlicht: | 2009 |
| Format: | Aufsatz |
| Sprache: | Tschechisch |
X
alg: 39337273 001A $01999:12-11-16 001B $03025:27-03-26 $t15:31:52.000 001D $01999:12-11-16 001U $0utf8 001X $00 002@ $0Aox 003@ $0393372731 007A $0393372731 $aHEB 007T $0Herdpp165627 010@ $acze 011@ $a2009 021A $aRudolf Hlavica - modelér blanenských železáren 028A $aČeladín $dJindřich 031A $d39 $h59-63 $j2009 037A $aRés. angl. s. 65: Rudolf Hlavica modeller of metal works in Blansko 039B $aIn $8--Abvc--. Z dějin hutnictví. - Praha, 1972-. - ISSN 0139-9810 $x200900000390000941 $9064660656 045G $a709.43720904 $eDDC23BSB 045G/01 $a709 045G/03 $f0904 045G/03 $g4372 lok: 39337273 78 exp: 39337273 78 1 #EPN 201B/01 $026-11-17 $t03:10:29.000 201U/01 $0utf8 203@/01 $0789483130 208@/01 $a12-11-16 $be 209A/01 $a/ $f000 $x00 220C/01 $aHerkunft: Hú Av Čr Praha 244Z/01 $#Tschechien $#Tschechische Republik $#Tschechien $#Tschechische Republik $#Tschechenland $#Tschechei Tschechien $#Česká Republika $#Czech Republic $#ČR $74303381-7 $8--Tg1--Tschechien $x01 $9086659812 244Z/01 $2Trx $#Böhmen $#Bohemia $#Czechy $8--Trx--Čechy $x02 $9391188941 244Z/01 $2Trx $#Blansko $#Blanz $8--Trx--Blansko $x03 $9391195859 244Z/01 $aGeschichte 1897-1971 $x04 244Z/01 $2Trx $8--Trx--Hlavica, Rudolf$Z1897-1971 $x05 $9390562254 244Z/01 $aželezárny $x06 244Z/01 $2Trx $#kujurid $#skulptoriai $#sculptors $#szobrász $#rzeźbiarze $#sochári $#sochaři $8--Trx--Bildhauer $x07 $9391358618 244Z/01 $2Trx $8--Trx--Zeitschriftenaufsatz $x08 $9391384341 247C/01 $82080>Marburg/Lahn, Herder-Institut, Forschungsbibliothek, Bibliographieportal $9336309341
| LEADER | 00000caa a22000002c 4500 | ||
|---|---|---|---|
| 001 | 393372731 | ||
| 003 | DE-603 | ||
| 005 | 20260327153152.0 | ||
| 007 | tu | ||
| 008 | 161112s2009 xx |||| | u00||u|cze c | ||
| 035 | |a (DE-599)HEB393372731 | ||
| 040 | |a DE-603 |b ger |c DE-603 |d DE-603 | ||
| 041 | |a cze | ||
| 083 | 0 | |8 1\u |a 709.43720904 |q DE-101 |2 23/BSB | |
| 085 | |8 1\u |b 709 | ||
| 085 | |8 1\u |z 1 |s 0904 | ||
| 085 | |8 1\u |z 2 |s 4372 | ||
| 100 | 1 | |a Čeladín, Jindřich | |
| 245 | 0 | 0 | |a Rudolf Hlavica - modelér blanenských železáren |
| 264 | 0 | |c 2009 | |
| 500 | |a Rés. angl. s. 65: Rudolf Hlavica modeller of metal works in Blansko | ||
| 773 | 0 | 8 | |i In |t Z dějin hutnictví |d Praha, 1972- |x 0139-9810 |g Band 39 (2009), Seite 59-63 |w (DE-603)064660656 |w (DE-600)258827-4 |
| 924 | 0 | |9 2080 |a (DE-603)789483130 |b DE-2080 |c HES |d d |g / | |


